000 00995cam a22002651 4500
001 33182
003 BD-RjUL
005 20211209051948.0
008 140430s1934 ii f 000 0 eng
035 _a(BD-RjUL)33273
035 _a(OCoLC)3978197
040 _aDLC
_cMnU
_dMnU
_dBD-RjUL
_beng
041 0 _aengper
082 _a915.42
_bMUT 1934
100 1 _aMuḥammad, Khair al-Dīn,
_d1752-
_9100785
245 1 0 _aTazkirat-ul-ulama :
_bor, A memoir of the learned men (of Jaunpur) /
_cby Khair-ud-Din Muhammad. Edited in the original Persian with English translation, notes, etc. by Muhammad Sana Ullah.
260 _aCalcutta :
_ba. Faiz,
_c1934.
300 _axiv, 82, vi p.; 2, 75 p. :
_bplates. ;
_c19 cm.
651 0 _aJaunpur (India : City)
_vBiography.
_9100786
651 0 _aJaunpur (India : City)
_xIntellectual life.
_9100787
700 0 _aMohammad Sana Ullah,
_cKhan Bahadur.
_9100788
942 _2ddc
_cBK
999 _c33182
_d33182